[Event "2025 Gufeld Cup"]
[Site "Perth AUS"]
[Date "2025.04.20"]
[Round "3.7"]
[White "De Vas,Senudi"]
[Black "De Guzman,Jessie"]
[Result "0-1"]
[BlackElo "1748"]
[BlackFideId "4321685"]
[EventDate "2025.04.20"]
[PlyCount "0"]
[WhiteElo "1245"]
[WhiteFideId "3250580"]

1. d4 e6 2. c4 d5 3. Nc3 a6 4. Nf3 Nf6 5. Bf4 Bd6 6. Bxd6 Qxd6 7. e3 dxc4 8.
Bxc4 b5 9. Bb3 Bb7 10. O-O O-O 11. Re1 b4 12. Nb1 $2 ( 12. Na4 {  is more
active and White is better here, with the knight eyeing up the wonderful c5
square.} )12... Nbd7 13. Nbd2 Ne4 14. Nc4 Qe7 15. Bc2 a5 16. a3 Bd5 17. Nce5 f6
18. Nxd7 Qxd7 19. Bb3 bxa3 20. bxa3 Rfb8 21. Bxd5 Qxd5 22. Qc2 c6 23. Reb1 g5
24. Nd2 $2 ( 24. Ne1 {  Eyeing d3 is more active.} )24... Nxd2 25. Qxd2 Rb3 26.
Rxb3 Qxb3 27. Qa2 Rb8 28. h3 a4 29. Qxb3 Rxb3 30. Rc1 h5 31. Rxc6 Kf7 32. Ra6
Rxa3 33. g3 f5 34. Kg2 g4 35. h4 Ra2 36. Ra7+ Kf6 37. Ra6 Ke7 38. Ra7+ $4 ( { 
A losing move. } 38. d5 {  and this is a draw.}  38... exd5 39. Rh6 a3 40. Rxh5
Kf6 41. Rh6+ Ke5 42. Ra6 {  White may even be slightly better.}  )38... Kd6 39.
Ra6+ Kd5 40. Ra5+ Kc6 41. Ra6+ Kb5 42. Rxe6 Rc2 43. Re8 a3 44. Rb8+ Kc4 45.
Rc8+ Kb3 46. Rb8+ Kc3 47. Rc8+ Kb2 48. Rb8+ Kc1 49. Ra8 a2 50. d5 Kb1 51. d6
a1=Q 52. Rxa1+ Kxa1 53. d7 Rd2 54. d8=N Rxd8 55. Kf1 Kb2 56. Ke2 Kc2 57. Kf1
Kd1 58. Kg2 Rd2  0-1

[Event "2025 Gufeld Cup"]
[Site "Perth AUS"]
[Date "2025.04.20"]
[Round "3.8"]
[White "Gunawan,Tjermin"]
[Black "Gunawan,Michael"]
[Result "0-1"]
[BlackElo "1500"]
[BlackFideId "0"]
[EventDate "2025.04.20"]
[PlyCount "0"]
[WhiteElo "1809"]
[WhiteFideId "3239110"]

1. d4 d5 2. c4 e6 3. Nc3 Nf6 4. cxd5 exd5 5. Bg5 Be7 6. e3 O-O 7. Bd3 b6 8. Nge2
Bb7 9. Rc1 c5 10. O-O Nbd7 11. Bb1 Re8 12. Qb3 c4 13. Qc2 Rc8 14. Qf5 g6 15.
Qh3 Ne4 16. Nxe4 dxe4 17. Bxe7 Qxe7 18. Nc3 a6 19. a3 b5 20. Qg4 h5 21. Qd1 Nf6
22. Qd2 Qd7 23. Bc2 a5 24. Bd1 Nd5 25. Nxd5 Qxd5 26. f3 $2 {  The game had
swung back and forth but this move, eschwing the a-pawn and creating the week
e3 pawn, is the turning point.}  ( 26. Qxa5 Rcd8 27. b3 cxb3 28. Rc7 {  etc.} 
)26... a4 27. fxe4 Qxe4 28. Rf4 $4 Qxe3+ 29. Qxe3 Rxe3 30. Bf3 Bxf3 31. Rxf3
Re2 32. Rf2 Rce8 33. Rxe2 Rxe2 34. Rb1 Rd2  0-1

[Event "2025 Gufeld Cup"]
[Site "Perth AUS"]
[Date "2025.04.20"]
[Round "3.9"]
[White "Le,Quang Minh"]
[Black "Palanti,Krishiv"]
[Result "1-0"]
[BlackElo "1350"]
[BlackFideId "0"]
[EventDate "2025.04.20"]
[PlyCount "0"]
[WhiteElo "1500"]
[WhiteFideId "0"]

1. e4 c6 2. Nc3 d5 3. Nf3 Bg4 4. h3 Bxf3 5. Qxf3 d4 6. Ne2 c5 7. Ng3 f6 $4 8.
Bc4 Nc6 9. Qb3 Na5 10. Bf7+ Kd7 11. Qd5+ Kc7 12. Bxg8 Qxd5 13. Bxd5 e5 14. d3
Re8 15. Bd2 Nc6 16. Bxc6 Kxc6 17. O-O b6 18. f4 Bd6 19. Nf5 Reg8 20. fxe5 Bxe5
21. Ne7+ Kd7 22. Nxg8 Rxg8 23. Bf4 Bxf4 24. Rxf4 Ke6 25. a4 g5 26. Rf5 h5 27.
a5 b5 28. Rxc5 Rb8 29. a6 b4 30. b3 Kd6 31. Rd5+ Ke6 32. Rxd4 Rb6 33. Ra4 Ke5
34. Rdxb4 Rxb4 35. Rxb4 h4 36. Rb7 Kd4 37. Rxa7 Kc3 38. Rc7+ Kb2 39. a7 g4 40.
a8=Q gxh3 41. Qa5 hxg2 42. Qc3+ Kc1 43. Ra7 Kd1 44. Ra1+ Ke2 45. Kxg2 Ke3 46.
Rf1 Ke2 47. Re1#  1-0

[Event "2025 Gufeld Cup"]
[Site "Perth AUS"]
[Date "2025.04.21"]
[Round "4.1"]
[White "Hardegen,Kathryn"]
[Black "McAteer,Ian"]
[Result "1-0"]
[BlackElo "1875"]
[BlackFideId "3230015"]
[EventDate "2025.04.20"]
[PlyCount "0"]
[WhiteElo "2102"]
[WhiteFideId "3226778"]

1. e4 c6 2. Nc3 e5 3. Nf3 d6 4. h3 Be6 5. d4 exd4 ( 5... Nd7 6. d5 cxd5 7. exd5
Bf5 )6. Nxd4 Nf6 7. Be3 Be7 8. Qf3 Nbd7 9. Be2 Rc8 ( 9... Ne5 10. Qg3 Bc4 11.
Bxc4 Nxc4 )10. Qg3 c5 11. Nxe6 fxe6 12. Qxg7 Rg8 13. Bh5+  1-0

[Event "2025 Gufeld Cup"]
[Site "Perth AUS"]
[Date "2025.04.21"]
[Round "4.2"]
[White "Ellis,David"]
[Black "Bradley,Luke"]
[Result "1-0"]
[BlackElo "2000"]
[BlackFideId "0"]
[EventDate "2025.04.20"]
[PlyCount "0"]
[WhiteElo "2077"]
[WhiteFideId "3205568"]

1. Nc3 Nf6 2. e4 e5 3. Bc4 Nxe4 4. Qh5 Ng5 5. d4 Ne6 6. dxe5 Bb4 7. Nf3 O-O 8.
Bg5 Be7 9. h4 f6 10. exf6 Bxf6 11. O-O-O Qe8 12. Qxe8 Rxe8 13. Bxf6 gxf6 14.
Nd5 Kg7 15. Rh3 Rf8 16. Rg3+ Kh8 17. Nd4 Nc6 18. Nxe6 dxe6 19. Nxc7 Rb8 20.
Nxe6 Bxe6 21. Bxe6 Nd8 22. Bb3 Nc6 23. Rd7 Ne5 24. Rc7 Rfc8 25. Rgg7 Rxc7 26.
Rxc7 a5 27. Bd5 b6 28. Be4 Ng6 29. h5 Nf8 30. Bf5 b5 31. Rc8 Rxc8 32. Bxc8 h6
33. Kd2 Nh7 34. Ke3 Ng5 35. Kd4 Nf7 36. Kc5 Kg7 37. Be6 Nd8 38. Bd5 Kf8 39.
Kxb5 Ke7 40. Kxa5 Kd6 41. c4 Kc7 42. b4 Kb8 43. Kb6 f5 44. a4 f4 45. a5 f3 46.
a6  1-0

[Event "2025 Gufeld Cup"]
[Site "Perth AUS"]
[Date "2025.04.21"]
[Round "4.3"]
[White "De Guzman,Jessie"]
[Black "De Vas,Yonal"]
[Result "1/2-1/2"]
[BlackElo "1814"]
[BlackFideId "3235963"]
[EventDate "2025.04.20"]
[PlyCount "0"]
[WhiteElo "1748"]
[WhiteFideId "4321685"]

1. e4 c5 2. Nf3 Nc6 3. Bc4 g6 4. Nc3 Bg7 5. O-O e6 6. d3 Nge7 7. a3 O-O 8. Ne2
d5 9. Ba2 b6 10. c3 dxe4 11. dxe4 Ba6 12. Qe1 Bd3 13. Nd2 Ne5 14. f4 Ng4 15.
Rf3 Qd7 16. h3 Nf6 17. Ng3 Rfd8 18. Nc4 Bxc4 19. Bxc4 b5 20. Bd3 c4 21. Bc2 a5
22. Be3 Qc7 23. Qf2 Nd7 24. Rd1 Rac8 25. Ne2 Nc6 26. h4 b4 27. axb4 axb4 28. h5
$4 {  Black holds what should be a decisive advantage.}  28... b3 29. Bb1 Nf6
30. Rf1 Ng4 31. Qg3 Nxe3 32. Rxe3 Rd2 33. hxg6 fxg6 $2 {  The h-pawn capture is
correct.}  34. e5 Qa7 35. Kh2 Rxb2 36. Be4 Qc7 37. Qg4 Qf7 38. Rh3 Ne7 39. Rd1
Nf5 40. Nd4 Nxd4 41. Rxd4 Ra2 42. Rd6 Re8 43. Rf3 b2 {  With time low, a draw
is agreed.}   1/2-1/2

[Event "2025 Gufeld Cup"]
[Site "Perth AUS"]
[Date "2025.04.21"]
[Round "4.4"]
[White "Huang,Hui"]
[Black "Malik,Aidan"]
[Result "1-0"]
[BlackElo "1129"]
[BlackFideId "365104803"]
[EventDate "2025.04.20"]
[PlyCount "0"]
[WhiteElo "1814"]
[WhiteFideId "3247597"]

1. d4 f5 2. Bf4 e6 3. e3 Nf6 4. Be2 g6 5. h4 h6 6. c4 d6 7. Nc3 Bg7 8. Bf3 O-O
9. Qd2 Qe8 10. e4 e5 11. dxe5 dxe5 12. Bxh6 f4 13. Bxg7 Kxg7 14. O-O-O Nc6 15.
Nge2 a5 16. Nd5 Nxd5 17. cxd5 Nb4 18. a3 Qa4 19. Nc3 Qb3 20. axb4 axb4 21. Nb1
Ra1 22. Qc2 Qa2 23. Kd2 b3 24. Qc3 Qa7 25. Qxe5+ Kh6 26. Rhf1 Be6 27. h5 c6 28.
hxg6 Qa5+ 29. Nc3 Rxd1+ 30. Rxd1 cxd5 31. Rh1+ Kxg6 32. Qxe6+  1-0

[Event "2025 Gufeld Cup"]
[Site "Perth AUS"]
[Date "2025.04.21"]
[Round "4.5"]
[White "Gunawan,Michael"]
[Black "Pope,Andrew"]
[Result "1-0"]
[BlackElo "1800"]
[BlackFideId "0"]
[EventDate "2025.04.20"]
[PlyCount "0"]
[WhiteElo "1500"]
[WhiteFideId "0"]

1. d4 Nf6 2. c4 e6 3. Nf3 b6 4. g3 Bb7 5. Bg2 c5 6. O-O cxd4 7. Nxd4 Bxg2 8.
Kxg2 Bc5 9. e3 O-O 10. Nc3 Nc6 11. a3 Ne5 12. b3 Qc7 13. Bb2 Qb7+ 14. f3 Neg4
15. Qd2 Rfe8 16. b4 Nxe3+ 17. Qxe3 e5 18. bxc5 exd4 19. Qxd4 bxc5 20. Qd2 Ng4
21. Nd5 Ne5 22. Qc3 f6 23. Rab1 Rab8 24. Rfe1 Kf8 25. Re2 Re6 26. Rbe1 Rd6 27.
Rd2 Qa6 28. Re4 Qa4 29. f4 Rb3 30. Qc2 Nf3 31. Rd3 Rxb2 32. Qxb2 Ne1+ 33. Rxe1
Rb6 34. Nxb6 Qc6+ 35. Nd5  1-0

[Event "2025 Gufeld Cup"]
[Site "Perth AUS"]
[Date "2025.04.21"]
[Round "4.6"]
[White "Huang,Yuqi (Ricky)"]
[Black "Donaldson,Gary"]
[Result "1-0"]
[BlackElo "1686"]
[BlackFideId "3218570"]
[EventDate "2025.04.20"]
[PlyCount "0"]
[WhiteElo "1574"]
[WhiteFideId "3268250"]

1. e4 d6 2. d4 Nf6 3. Nc3 c6 4. f4 Bg4 5. Nf3 e6 6. h3 Bxf3 7. Qxf3 b5 8. a3 h5
9. Bd3 Be7 10. Be3 a5 11. e5 Nd5 12. Nxd5 exd5 13. O-O Nd7 14. Qg3 Rg8 15. e6
fxe6 16. Qg6+ Kf8 17. Qxe6 Bf6 18. f5 Qe7 19. g4 Re8 20. Rae1 Qxe6 21. fxe6 Nb6
22. g5 Rxe6 23. gxf6 gxf6+ 24. Kh2 Nc4 25. Bh6+ Kf7 26. Rxe6 Kxe6 27. Bf5+ Kf7
28. b3 Nb6 29. Bf4 Nc8 30. Bxc8 Rxc8 31. Bxd6 Ke6 32. Bg3 c5 33. dxc5 Rxc5 34.
Rf2 d4 35. Bh4 f5 36. Bg5 Re5 37. Kg3 Re4 38. Bf4 Kf6 39. Kf3 Re1 40. Bd2 Re4
41. Bxa5 Ke5 42. Re2 Kd5 43. c4+ bxc4 44. bxc4+ Ke5 45. Bc7+ Ke6 46. Rxe4+
fxe4+ 47. Kxe4  1-0

[Event "2025 Gufeld Cup"]
[Site "Perth AUS"]
[Date "2025.04.21"]
[Round "4.8"]
[White "Ting,Ian"]
[Black "Le,Quang Minh"]
[Result "1/2-1/2"]
[BlackElo "1500"]
[BlackFideId "0"]
[EventDate "2025.04.20"]
[PlyCount "0"]
[WhiteElo "1200"]
[WhiteFideId "0"]

1. Nf3 d5 2. d4 c5 3. e3 Nc6 4. Bb5 a6 5. Bxc6+ bxc6 6. O-O Bg4 7. Nbd2 e6 8. b3
$2 ( 8. c4 {  give White an edge.} )8... cxd4 9. exd4 Nf6 10. Bb2 Bd6 11. h3
Bh5 12. c4 O-O 13. c5 Bc7 14. b4 a5 15. a3 Qd7 16. Bc3 Rfb8 17. Qb3 Bg6 18. Ne5
Bxe5 19. dxe5 Ne4 20. Nxe4 Bxe4 21. f3 Bg6 22. Rfd1 Qe7 23. Qb2 Rb7 24. Rd4 Qf8
25. Kf2 Qb8 {  Draw agreed.}   1/2-1/2

[Event "2025 Gufeld Cup"]
[Site "Perth AUS"]
[Date "2025.04.21"]
[Round "4.9"]
[White "Gunawan,Tjermin"]
[Black "De Vas,Senudi"]
[Result "1-0"]
[BlackElo "1245"]
[BlackFideId "3250580"]
[EventDate "2025.04.20"]
[PlyCount "0"]
[WhiteElo "1809"]
[WhiteFideId "3239110"]

1. d4 d5 2. Nf3 c5 3. c3 e6 4. g3 Nf6 5. Bg2 Be7 6. O-O O-O 7. Nbd2 Bd7 8. Re1
Bc6 9. Ne5 Nbd7 10. Nxc6 bxc6 11. Nf3 c4 12. b3 cxb3 13. axb3 Qb6 14. Ba3 Bxa3
15. Rxa3 Rfb8 16. Qc2 c5 17. e3 cxd4 18. exd4 Rc8 19. Bf1 ( 19. Rea1)19... a5
20. c4 dxc4 21. bxc4 Qc7 22. Bd3 Qd6 23. Rea1 Qc7 24. Qd2 e5 25. dxe5 Nxe5 26.
Nxe5 Qxe5 27. Rxa5 Rxa5 28. Rxa5 Qd6 $4 29. Bxh7+ Kxh7 30. Qxd6  1-0

[Event "2025 Gufeld Cup"]
[Site "Perth AUS"]
[Date "2025.04.21"]
[Round "5.1"]
[White "Hardegen,Kathryn"]
[Black "Ellis,David"]
[Result "1-0"]
[BlackElo "2077"]
[BlackFideId "3205568"]
[EventDate "2025.04.20"]
[PlyCount "0"]
[WhiteElo "2102"]
[WhiteFideId "3226778"]

1. e4 c6 2. Nc3 d5 3. Nf3 dxe4 4. Nxe4 Nf6 5. Nxf6+ gxf6 6. d4 Bf5 7. Bd3 e6 8.
Bf4 Nd7 9. O-O Bxd3 10. Qxd3 Qa5 11. c4 Qh5 12. Bg3 Bh6 13. d5 ( 13. Qa3 Nb6
14. Qb4 Bf8 15. Qb3 )13... cxd5 14. cxd5 Qxd5 15. Qa3 Bf8 16. Qa4 b5 17. Qh4 f5
18. Rfe1 Be7 19. Qh6 Bf8 20. Qf4 Be7 21. Rad1 Qb7 22. Qh6 Bf8 23. Qh5 Be7 24.
Ng5 Bxg5 25. Qxg5 Rc8 26. Qg7 ( 26. Bh4 f6 27. Qg7 Nc5 )26... Rf8 27. Bd6  1-0

[Event "2025 Gufeld Cup"]
[Site "Perth AUS"]
[Date "2025.04.21"]
[Round "5.2"]
[White "De Vas,Yonal"]
[Black "Huang,Hui"]
[Result "0-1"]
[BlackElo "1814"]
[BlackFideId "3247597"]
[EventDate "2025.04.20"]
[PlyCount "0"]
[WhiteElo "1814"]
[WhiteFideId "3235963"]

1. d4 Nf6 2. c4 g6 3. f3 c5 4. d5 d6 5. e4 Bg7 6. Nc3 e6 7. Be3 exd5 8. cxd5
Nbd7 9. Nh3 O-O 10. Qd2 a6 11. a4 Qa5 12. Be2 b5 13. O-O b4 14. Na2 Re8 15. Nc1
Bb7 16. Nf2 Rac8 17. Nb3 Qb6 18. a5 Qc7 19. Rfc1 Qd8 20. Bc4 Ne5 21. Qe2 Nxc4
22. Rxc4 Qe7 23. Re1 Nxd5 24. exd5 Bxd5 25. Re4 Bxe4 26. Nxe4 c4 27. Nd4 d5 28.
Ng3 Bxd4 29. Bxd4 Qxe2 30. Rxe2 b3 31. Rd2 Re7 32. Ne2 f5 33. Nc3 Rd7 34. Na4
Rb8 35. Nb6 Rdd8 36. Be5 Rb7 37. Nxd5 Kf7 38. Bf6 Rxd5 39. Rxd5 Kxf6 40. Rc5
Rd7 41. Rxc4 Rd1+ 42. Kf2 Rd2+ 43. Kg3 Rxb2 44. Rc6+ Ke5 45. Rxa6 Ra2 46. Rb6
b2 47. a6 Kd4 48. a7 Kc3 49. Rc6+ Kb3 50. Rb6+ Kc2 51. Rc6+ Kb1 52. Rc7 Ka1 53.
Rb7 b1=Q 54. Rxb1+ Kxb1 55. a8=N Rxa8 56. Kf4 Ra7 57. Kg5 Kc2 58. h3 Kd3 59.
Kf4 h6 60. Kg3 Ke3 61. Kh2 f4 62. h4 Ra1 63. h5 g5 64. Kh3 Kf2 65. Kh2 Rg1 66.
g3 Rxg3 67. Kh1 Rh3#  0-1

[Event "2025 Gufeld Cup"]
[Site "Perth AUS"]
[Date "2025.04.21"]
[Round "5.3"]
[White "Gunawan,Michael"]
[Black "McAteer,Ian"]
[Result "0-1"]
[BlackElo "1875"]
[BlackFideId "3230015"]
[EventDate "2025.04.20"]
[PlyCount "0"]
[WhiteElo "1500"]
[WhiteFideId "0"]

1. d4 f5 2. c4 Nf6 3. Nf3 e6 4. g3 Be7 5. Bg2 d5 6. O-O Ne4 7. Qc2 h5 8. Rd1 h4
9. Nc3 hxg3 10. hxg3 c6 11. Ne5 Nd7 12. Ng6 Rh7 13. Nxe7 Qxe7 14. Nxe4 fxe4 15.
Be3 Nf6 16. Bg5 Qf7 17. Bxf6 gxf6 18. Rac1 Qh5 19. f3 f5 $4 ( 19... Qh2+ 20.
Kf2 ( 20. Kf1 Qxg3 )20... Rg7 )20. Kf2 Qg5 21. Qd2 Qg6 22. Rh1 Rg7 23. Rh8+ Ke7
24. Qf4 e3+ 25. Kxe3 Qxg3 26. Qxg3 Rxg3 27. Kf2 Rg7 28. cxd5 exd5 29. f4 Kd6
30. Rc3 b6 31. Rh6+ Be6 32. Re3 Re8 33. Bf3 Ree7 34. Bg2 Kd7 35. Reh3 c5 36.
dxc5 bxc5 37. Ra3 Ke8 38. Ra5 Rg4 39. e3 d4 40. exd4 Rxf4+ 41. Ke3 Rg4 42. Rh8+
Bg8+ 43. Kf2 cxd4 44. Bc6+ Kf8 45. Rxf5+ Kg7 46. Rhh5 Rc7 47. Rhg5+ Rxg5 48.
Rxg5+ Kh8 49. Rh5+ Kg7 50. Rg5+ Kf8 51. Rf5+ Ke7 52. Be4 Bxa2 53. Re5+ Kd6 54.
Rd5+ Bxd5  0-1

[Event "2025 Gufeld Cup"]
[Site "Perth AUS"]
[Date "2025.04.21"]
[Round "5.4"]
[White "Pope,Andrew"]
[Black "De Guzman,Jessie"]
[Result "0-1"]
[BlackElo "1748"]
[BlackFideId "4321685"]
[EventDate "2025.04.20"]
[PlyCount "0"]
[WhiteElo "1800"]
[WhiteFideId "0"]

1. e4 e5 2. Nf3 Nc6 3. Bb5 Nf6 4. O-O d6 5. d4 exd4 6. Nxd4 Bd7 7. Nc3 Nxd4 8.
Bxd7+ Qxd7 9. Qxd4 Be7 10. Re1 Qc6 11. e5 Nd7 12. e6 ( 12. exd6 cxd6 13. Nd5
Ne5 14. Nxe7 Kxe7 15. f4 )12... fxe6 13. Qxg7 Bf6 14. Qg4 $4 ( 14. Rxe6+ Kd8
15. Bg5 )14... O-O-O 15. Qxe6 {  The only recorded move is Rxe8 and following
moves are non-sensical. Play continued beyond move 60 wiyh White eventually
winning.}   0-1

[Event "2025 Gufeld Cup"]
[Site "Perth AUS"]
[Date "2025.04.21"]
[Round "5.5"]
[White "Sethuraman,Jaswanth Ram"]
[Black "Bradley,Luke"]
[Result "1/2-1/2"]
[BlackElo "2000"]
[BlackFideId "0"]
[EventDate "2025.04.20"]
[PlyCount "0"]
[WhiteElo "1529"]
[WhiteFideId "3245250"]

1. e4 e5 2. Nf3 Nc6 3. Bb5 a6 4. Ba4 d6 5. h3 Nf6 6. Nc3 Be7 7. O-O O-O 8. d4
exd4 9. Nxd4 Nxd4 10. Qxd4 c5 11. Qe3 b5 12. e5 dxe5 13. Rd1 Qc7 14. Bxb5 axb5
15. Nxb5 Qb7 16. Qxe5 Qxb5 17. Qxe7 Be6 18. Bg5 Rfe8 19. Qc7 Ne4 20. Be3 Rxa2
21. Rxa2 Bxa2 22. Qf4 Qe2 23. Ra1 Bd5 24. Qf5 Bc6 25. Qf4 Qxc2 26. Qc7 Qxb2 27.
Re1 Qb7 28. Qf4 Qb8 29. Qg4 Nf6 30. Qf5 Qe5 31. Qc2 Qe4 32. Qxe4 Rxe4 33. Rb1
Rb4 34. Rd1 c4 35. Rd8+ Ne8 36. Rc8 Bb5 37. Bd4 f6 38. Rb8 Kf7 39. f4 Ke6 40.
Rd8 Rb3 41. Kh2 c3 42. Rc8 Nd6 43. Rxc3 Rxc3 44. Bxc3 h5 45. g4 Be2 46. gxh5
Bxh5 47. Bb2 Kf5 48. Bc1 Ke4 49. Kg2 Nf5 50. Kf2 Nh4 51. Kg3 Ng6 52. Bd2 Kd3
53. Bc1 Ke2 54. Ba3 Nh8 55. Bf8 g6 56. Bg7 Nf7 57. Bxf6 {  No more moves
recorded. Somehow this was drawn.}   1/2-1/2

[Event "2025 Gufeld Cup"]
[Site "Perth AUS"]
[Date "2025.04.21"]
[Round "5.6"]
[White "Malik,Aidan"]
[Black "Huang,Yuqi (Ricky)"]
[Result "0-1"]
[BlackElo "1574"]
[BlackFideId "3268250"]
[EventDate "2025.04.20"]
[PlyCount "0"]
[WhiteElo "1129"]
[WhiteFideId "365104803"]

1. Nf3 Nf6 2. c4 c6 3. Nc3 g6 4. g3 Bg7 5. Bg2 d5 6. d4 Bf5 7. O-O Qc8 8. Re1
Bh3 9. Bh1 O-O 10. Bg5 Be6 11. Bxf6 exf6 12. Rc1 Qd8 13. Qb3 Qd7 14. e4 dxc4
15. Qc2 b5 16. d5 cxd5 17. Nxd5 Bxd5 18. exd5 Na6 19. Nd4 Nb4 20. Qd2 Nd3 21.
Ne6 fxe6 22. dxe6 Qe7 23. Bxa8 Rxa8 24. Rcd1 Nxe1 25. Qd5 Nf3+ 26. Qxf3 Re8 27.
Re1 f5 28. Qc6 b4 29. Qxc4 Bxb2 30. Re2 Bc3 31. h4 Bf6 32. h5 Kg7 33. g4 fxg4
34. Qxg4 Qb7 35. f4 Qb6+ 36. Kh2 Qd6 37. Kg3 Qd5 38. f5 Qd3+ 39. Qf3 Bh4+ 40.
Kg4 Qxf3+ 41. Kxf3 gxf5 42. h6+ Kxh6 43. Kf4 Kg6 44. Ke5 Bg3+ 45. Kd5 Kf6 46.
Re3 f4 47. Re4 h5 48. Kd6 f3+ 49. Kd7 Re7+  0-1

[Event "2025 Gufeld Cup"]
[Site "Perth AUS"]
[Date "2025.04.21"]
[Round "5.7"]
[White "Ting,Ian"]
[Black "Gunawan,Tjermin"]
[Result "0-1"]
[BlackElo "1809"]
[BlackFideId "3239110"]
[EventDate "2025.04.20"]
[PlyCount "0"]
[WhiteElo "1200"]
[WhiteFideId "0"]

1. Nf3 Nf6 2. d4 d5 3. e3 c5 4. Bb5+ Bd7 5. Bxd7+ Nbxd7 6. O-O cxd4 7. exd4 e6
8. Bg5 Be7 9. Nbd2 h6 10. Bh4 Rc8 11. Qc1 O-O 12. c4 dxc4 13. Nxc4 b5 14. b3
bxc4 15. bxc4 Nb6 16. c5 Nbd5 17. Rd1 Ne4 18. Bxe7 Qxe7 19. Rd3 Qf6 20. Qe1 Ng5
21. Ne5 Qd8 22. h4 Nh7 23. f3 Nhf6 24. Qg3 Nb4 25. Rd2 Rxc5 26. Rad1 Rc8 27.
Ng4 Nxg4 28. Qxg4 Nd5 29. Qh5 Qd6 30. Qe5 Qe7 31. g3 Rfd8 32. f4 Rc3 33. Kf2
Ne3 34. Qxe3 Rxe3 35. Kxe3 Qa3+ 36. Kf2 Rd5 37. Rb1 Qc3 38. Rb8+ Kh7 39. Rh8+
Kxh8 40. Rc2 Qxc2+ 41. Ke1 Qxa2 42. g4 Rb5 43. h5 Rb1#  0-1

[Event "2025 Gufeld Cup"]
[Site "Perth AUS"]
[Date "2025.04.21"]
[Round "5.8"]
[White "Donaldson,Gary"]
[Black "Le,Quang Minh"]
[Result "1-0"]
[BlackElo "1500"]
[BlackFideId "0"]
[EventDate "2025.04.20"]
[PlyCount "0"]
[WhiteElo "1686"]
[WhiteFideId "3218570"]

1. d4 Nf6 2. Nf3 g6 3. Bf4 Bg7 4. e3 O-O 5. Be2 d6 6. c3 c6 7. Nbd2 Nbd7 8. O-O
Qc7 9. Re1 e5 10. dxe5 dxe5 11. Bg3 b6 12. e4 Bb7 13. Bd3 Nh5 14. Qc2 Nxg3 15.
hxg3 Rad8 16. Rad1 Nc5 17. Bf1 Kh8 18. b4 Nd7 19. Nc4 c5 20. b5 Nb8 21. Ne3 f6
22. Bc4 Rd7 23. Rxd7 Nxd7 24. Rd1 Rd8 25. Qd3 f5 26. Ng5 Bxe4 27. Qd6 Qxd6 28.
Rxd6 Bf8 29. Rd2 Kg7 30. Ne6+ Kf6 31. Nxd8 Ke7 32. Nc6+ Ke8 33. Nd5 Bd6 34. f3
Bxd5 35. Rxd5 Bc7 36. Nxa7 e4 37. f4 e3 38. Kf1 Nf6 39. Rd3 Ng4 40. Nc6 Kf8 41.
Rd7 Bd6 42. Rxd6 Kg7 43. Ne5 Nxe5 44. fxe5 Kh6 45. e6 Kg5 46. e7 Kg4 47. e8=Q
e2+ 48. Bxe2+ Kxg3 49. Qe3+ Kh4 50. Qf4#  1-0

[Event "2025 Gufeld Cup"]
[Site "Perth AUS"]
[Date "2025.04.21"]
[Round "5.9"]
[White "Palanti,Krishiv"]
[Black "De Vas,Senudi"]
[Result "0-1"]
[BlackElo "1245"]
[BlackFideId "3250580"]
[EventDate "2025.04.20"]
[PlyCount "0"]
[WhiteElo "1350"]
[WhiteFideId "0"]

1. d4 d5 2. Bf4 e6 3. e3 Bd6 4. Bxd6 Qxd6 5. c3 Nf6 6. Nf3 O-O 7. Bd3 b6 8. O-O
Bb7 9. h3 Nbd7 10. Nbd2 Rfe8 11. Bb5 a6 12. Bxd7 Qxd7 13. Ne5 Qc8 14. Ndf3 Nd7
15. Nxd7 Qxd7 16. Ne5 Qe7 17. Re1 c5 18. dxc5 bxc5 19. e4 dxe4 20. Nd7 Red8 21.
Re2 Rxd7 22. Rd2 Rad8 23. Rxd7 Qxd7 24. Qxd7 Rxd7 25. Rb1 Rd2 26. Kf1 g6 27.
Ke1 Rd5 28. b4 cxb4 29. Rxb4 Rb5 30. Kd2 Rxb4 31. cxb4 Kf8 32. Ke3 f5 33. g4
fxg4 34. hxg4 Ke7 35. g5 Kd6 36. f4 exf3 37. Kf2 e5 38. a3 e4 39. a4 Ke5 40.
Kg3 e3 41. a5 e2 42. Kf2 Kf4 43. Ke1 Kg3 44. b5 axb5 45. a6 Bxa6 46. Kd2 f2 47.
Kxe2 b4+ 48. Kd2 f1=Q 49. Kc2 Qd3+ 50. Kb2 Bc4 51. Kc1 Qe2 52. Kb1 Qd2 53. Ka1
Qa2#  0-1

[Event "2025 Gufeld Cup"]
[Site "Perth AUS"]
[Date "2025.04.21"]
[Round "6.2"]
[White "De Guzman,Jessie"]
[Black "Ellis,David"]
[Result "1-0"]
[BlackElo "2077"]
[BlackFideId "3205568"]
[EventDate "2025.04.20"]
[PlyCount "0"]
[WhiteElo "1748"]
[WhiteFideId "4321685"]

1. e4 c6 2. d4 d5 3. Bd3 dxe4 4. Bxe4 Nf6 5. Bf3 Bf5 6. Ne2 e6 7. O-O Bd6 8. c4
Qc7 9. Ng3 Bg6 10. c5 Be7 11. Be3 O-O 12. Nc3 Rd8 13. Qe2 Nbd7 14. Rfd1 Re8 15.
b4 Nd5 16. Nxd5 exd5 17. Qd2 Nf6 18. Bf4 Qd7 19. Re1 a5 20. bxa5 Bd8 21. Rxe8+
Nxe8 22. a4 Bxa5 23. Qb2 Nf6 24. h3 Re8 25. Be5 Ne4 26. Bg4 f5 27. Bh5 Bc3 28.
Qc2 Bxa1 29. Bxg6 hxg6 30. Nxe4 Bxd4 31. Bxd4 Rxe4 32. Qc3 Qe7 33. f3 Re1+ 34.
Kf2 f4 $4 35. Qxe1 Qh4+ 36. Kf1 Qh6 37. Qe5 g5 38. Qb8+ Kh7 39. Qxb7 Qg6 40.
Qb3 g4 41. hxg4 Qh6 42. Qb1+ Kh8 43. Qb8+ Kh7 44. Qe5 Qh1+ 45. Kf2 Qh4+ 46. Ke2
 1-0

[Event "2025 Gufeld Cup"]
[Site "Perth AUS"]
[Date "2025.04.21"]
[Round "6.3"]
[White "McAteer,Ian"]
[Black "Huang,Yuqi (Ricky)"]
[Result "0-1"]
[BlackElo "1574"]
[BlackFideId "3268250"]
[EventDate "2025.04.20"]
[PlyCount "0"]
[WhiteElo "1875"]
[WhiteFideId "3230015"]

1. d4 Nf6 2. Bg5 g6 3. Bxf6 exf6 4. e3 Bg7 5. Bd3 c5 6. c3 cxd4 7. cxd4 Qb6 8.
Qc1 O-O 9. Ne2 d5 10. Nbc3 Be6 11. O-O Nc6 12. Nf4 Qd8 13. a3 Na5 14. Qd1 Rc8
15. Rc1 a6 16. Na4 Re8 17. Nc5 Qb6 18. b4 Nc6 19. Qf3 Ne7 20. Nfxe6 fxe6 21.
Nd7 Qd6 22. Nxf6+ Bxf6 23. Qxf6 Rf8 24. Qg5 Kg7 25. Qg3 Qd7 26. Qe5+ Kg8 27. g4
Nc6 28. Qg3 Ne7 29. h4 Qa4 30. Qd6 Kf7 31. Rxc8 Rxc8 32. g5 Qxa3 33. Be2 Rc6
34. Qd8 Qxb4 35. Qh8 Qd6 36. h5 e5 37. Bg4 gxh5 38. Qxh7+ Ke8 39. Qh8+ Kf7 40.
Bxh5+ Ng6 41. Qh7+ Ke8 42. Qxb7 exd4 43. exd4 Kd8 44. Re1 Ne7 45. Bg4 Rb6 46.
Qa7 Ke8 47. Rxe7+ Qxe7 48. Qxb6 Qe1+ 49. Kg2 Qe4+ 50. Bf3 Qh4 51. Qe6+ Kf8 52.
Qf6+ Ke8 53. g6 Qxf6  0-1

[Event "2025 Gufeld Cup"]
[Site "Perth AUS"]
[Date "2025.04.21"]
[Round "6.4"]
[White "Bradley,Luke"]
[Black "Gunawan,Michael"]
[Result "1/2-1/2"]
[BlackElo "1500"]
[BlackFideId "0"]
[EventDate "2025.04.20"]
[PlyCount "0"]
[WhiteElo "2000"]
[WhiteFideId "0"]

1. e4 c5 2. Nf3 e6 3. Nc3 d6 4. Bb5+ Bd7 5. Bxd7+ Nxd7 6. d4 cxd4 7. Nxd4 a6 8.
O-O Ngf6 9. Re1 Be7 10. f4 O-O 11. e5 dxe5 12. fxe5 Ne8 13. Qg4 Qc7 14. Nf3 Rc8
15. Bf4 Qb6+ 16. Kh1 Qxb2 17. Nd5 Bd8 18. Ne3 Qc3 19. Rad1 Nc5 20. Nd5 Qxc2 21.
Bg5 Nd3 22. Rxd3 Qxd3 23. Ne7+ Bxe7 24. Bxe7 Qg6 ( 24... Rc4 25. Qg3 Nc7 26.
Bxf8 Kxf8 {  and Black stands better.}  )25. Qb4 Nc7 26. Bxf8 Rxf8 27. Qxb7 Qc2
28. h3 Qc4 29. Ng5 Nd5 30. a3 h6 31. Ne4 Qb5 32. Qxb5 axb5 33. Rb1 Rb8 34. Nd6
b4 35. axb4 Rxb4 36. Rc1 Rf4 37. Rc8+ Kh7 38. Rf8 Kg6 39. g3 Rf1+ 40. Kh2 Ne3
41. g4 Rf3 42. Rg8 f5 43. gxf5+ Nxf5 44. Re8 Nxd6 45. exd6 Rd3 46. Rd8 Kf6 47.
d7 e5 48. Kg2 Ke7 49. Re8+ Kxd7 50. Rxe5 {  This is a Tablebase draw, but the
players don't know that and  play continues ...}  50... g5 51. Rf5 Ke7 52. Rb5
Kf6 53. Rb6+ Kg7 54. Rb4 Kg6 55. Rb1 Rd6 56. Rh1 h5 57. Kf3 Kf5 58. Ke3 Re6+
59. Kf3 Re4 60. Rc1 g4+ 61. hxg4+ hxg4+ 62. Kg3 Re3+ 63. Kf2 Rf3+ 64. Kg2 Kf4
65. Rc4+ Kg5 66. Rc8 Rf5 67. Rg8+ Kf4 68. Rc8 Re5 69. Rc4+ Re4 70. Rc7 Re2+ 71.
Kf1 Ra2 72. Rc8 g3 73. Rc7 Ra5 74. Kg2 Ra2+ 75. Kg1 Kf3 76. Rc3+ Kf4 77. Kf1
Ra5 78. Kg2 Ra2+ 79. Kh1 Rf2 80. Kg1 {  Draw agreed.}   1/2-1/2